| 000 | 03695cam a22012614i 4500 | ||
|---|---|---|---|
| 003 | PE-LiUPU | ||
| 005 | 20250813185415.0 | ||
| 008 | 180305s2017 ne rb 001 0 eng d | ||
| 020 | _a9789004347267 | ||
| 035 | _a(Sirsi) a241418 | ||
| 040 |
_aPE-LiUPU _bspa _cPE-LiUPU _erda |
||
| 049 | _aPRUA | ||
| 082 | 0 | 4 |
_a378.00902 _bP79 _223 |
| 100 | 1 |
_aPost, Gaines, _eautor. |
|
| 245 | 1 | 4 |
_aThe papacy and the rise of the universities / _cby Gaines Post ; edited with preface by William J. Courtenay. |
| 264 | 1 |
_aLeiden : _bBrill, _c2017. |
|
| 300 |
_ax, 263 páginas ; _c25 centímetros. |
||
| 336 |
_atext _2rdacontent |
||
| 337 |
_aunmediated _2rdamedia |
||
| 338 |
_avolume _2rdacarrier |
||
| 490 | 0 |
_aEducation and society in the Middle Ages and Renaissance ; _vVolume 54 |
|
| 504 | _aBibliografía : páginas 243-253. | ||
| 504 | _aÍndices : páginas 254-263. | ||
| 505 | _aThe papacy and the constitution of the universities -- The twelfth century-Alexander III and the Licentia Docendi -- The license-system of the University of Paris in the thirteenth century -- The license-system in universities of ecclesiastical origin influenced by Paris -- The license-system in universities of secular origin -- The license-system: conclusion; the licentia Ubique Docendi -- Jurisdiction -- The papacy and the internal development of the universities -- The papacy and the members of the universities -- The papacy and the masters -- Masters' salaries in the mediaeval universities -- Patronage of masters -- The papacy and the students -- Ecclesiastical benefices -- House-rents -- Colleges -- The papacy and the founding of the universities. | ||
| 526 | _aP202 | ||
| 526 | _aP201 | ||
| 526 | _aP163 | ||
| 526 | _aP162 | ||
| 526 | _aP161 | ||
| 526 | _aP160 | ||
| 526 | _aP148 | ||
| 526 | _aP147 | ||
| 526 | _aP146 | ||
| 526 | _aP145 | ||
| 526 | _aP144 | ||
| 526 | _aP143 | ||
| 526 | _aP142 | ||
| 526 | _aP141 | ||
| 526 | _aP140 | ||
| 526 | _aP139 | ||
| 526 | _aP138 | ||
| 526 | _aP137 | ||
| 526 | _aP136 | ||
| 526 | _aP135 | ||
| 526 | _aP134 | ||
| 526 | _aP133 | ||
| 526 | _aP129 | ||
| 526 | _aP128 | ||
| 526 | _aP127 | ||
| 526 | _aP120 | ||
| 526 | _aP119 | ||
| 526 | _aP118 | ||
| 526 | _aP116 | ||
| 526 | _aP115 | ||
| 526 | _aP114 | ||
| 526 | _aP110 | ||
| 526 | _aP109 | ||
| 526 | _aP108 | ||
| 526 | _aP104 | ||
| 526 | _aP103 | ||
| 526 | _aP102 | ||
| 526 | _aP99 | ||
| 526 | _aP98 | ||
| 526 | _aP97 | ||
| 526 | _aP96 | ||
| 526 | _aP95 | ||
| 526 | _aP93 | ||
| 526 | _aP90 | ||
| 526 | _aP89 | ||
| 526 | _aP88 | ||
| 526 | _aP83 | ||
| 526 | _aP82 | ||
| 526 | _aP62 | ||
| 526 | _aP59 | ||
| 526 | _aP58 | ||
| 526 | _aP57 | ||
| 526 | _aP51 | ||
| 526 | _aP49 | ||
| 526 | _aP48 | ||
| 526 | _aP47 | ||
| 526 | _aP29 | ||
| 526 | _aP24 | ||
| 526 | _aP20 | ||
| 526 | _aP19 | ||
| 526 | _aP17 | ||
| 526 | _aP15 | ||
| 526 | _aP14 | ||
| 526 | _aP12 | ||
| 526 | _aP10 | ||
| 526 | _aP09 | ||
| 526 | _aP08 | ||
| 526 | _aP07 | ||
| 526 | _aP06 | ||
| 526 | _aP05 | ||
| 526 | _aP04 | ||
| 526 | _aP01 | ||
| 650 | 0 | _aEducation, Medieval. | |
| 650 | 0 | _aEducación, Medieval. | |
| 650 | 0 | 4 |
_aPapacy _xHistory _yTo 1309. |
| 650 | 0 | 4 |
_aPapado _xHistoria _y1309. |
| 700 | 1 |
_aCourtenay, William J., _eeditor. |
|
| 910 |
_adbm _bjpc _cjpc _d20180305 |
||
| 942 |
_2ddc _cBOOK |
||
| 994 |
_aC0 _bPEPRU |
||
| 596 | _a1 | ||
| 999 |
_a378.00902 P79 _wDEWEY _c27056 _i78386 _f2021-11-8 _g4 _lCCODEBUL1 _mBUL _p165.00 _r0 _sY _tBOOK _u2018-3-5 _xEDUCACION _PP35 _0COMPRA _o.STAFF. Colección Teología _d27056 |
||
| 980 |
_81 _gALBERTO SANCHEZ Responsable de Automatización |
||